000 00378nam a22001577a 4500
003 OSt
008 230225b |||||||| |||| 00| 0 eng d
041 _amal
082 _a894.812 3
_bZHU/UM
100 _aZhura, B.M
_95399
245 _aUmmakkuttiyude kunjikkinavukal
250 _I4th
260 _aThiruvananthapuram
_CChintha Publishers
_c2023
300 _a152
942 _cBK
999 _c17641
_d17641